000 00944nam2a22002771 4500
001 RU\NLR\INFOCOMM31\5000041368
005 20250806204351.0
035 _a(NLR Aleph) 002361145
090 _a59343
_c59343
100 _a20041126d1941 u y0rusy50 ca
101 0 _arus
102 _aRU
105 _ay ||||000|y
200 1 _aПредварительное определение характеристик самолета
_fР. Апсон
210 _d1941
461 0 _1001RU\NLR\INFOCOMM31\5000041292
_12001#$aТехнический перевод$fМ-во авиац. пром-сти. Бюро новой техники$v№38
700 1 _aАпсон
_bР.
_4070
801 1 _aRU
_bInfoComm
_c20041126
801 0 _aRU
_bNLR
_gPSBO
852 _aNLR
_bМх02
_jВ-8/3
942 _cISSUE
945 _aРоссийская национальная библиотека
980 _aNB
980 _aBV
980 _aRUSPER